| 000 | 01528cam a2200361 a 4500 | ||
|---|---|---|---|
| 001 | EDZ0000085613 | ||
| 003 | StDuBDS | ||
| 005 | 20161031105218.0 | ||
| 006 | m||||||||d|||||||| | ||
| 007 | cr ||||||||||| | ||
| 008 | 120522s2012 caua fo| 001|0|eng|d | ||
| 020 |
_a9781446250785 (ebook) : _cNo price |
||
| 040 |
_aStDuBDS _beng _cStDuBDS _epn |
||
| 049 | _aAlfaisal Main Library | ||
| 050 | 4 | _aRC481 | |
| 082 | 0 | 4 |
_a616.8914 _223 |
| 100 | 1 | _aBott, David. | |
| 245 | 1 | 4 |
_aThe therapeutic encounter _h[electronic resource] : _ba cross-modality approach / _cDavid Bott and Pam Howard. |
| 260 |
_aLos Angeles, [Calif.] ; _aLondon : _bSAGE, _c2012. |
||
| 300 |
_a1 online resource (110 p.) : _bill. |
||
| 520 | 8 | _aFocusing on the client-therapist relationship at the core of counselling and psychotherapy practice, this book introduces a model effective across all therapeutic approaches. It provides a cross-modality framework for practice by engaging the trainee directly in the drama of the therapeutic encounter. | |
| 504 | _aIncludes bibliographical references and index. | ||
| 521 | _aSpecialized. | ||
| 588 | _aDescription based on print version record. | ||
| 650 | 0 | _aClient-centered psychotherapy. | |
| 650 | 0 | _aCounselor and client. | |
| 655 | 7 |
_aElectronic books. _2local |
|
| 700 | 1 | _aHoward, Pam. | |
| 710 | 2 | _aSage eBooks | |
| 776 | 0 | 8 |
_iPrint version : _z9780857022332 |
| 856 | 4 | 0 | _uhttp://ezproxy.alfaisal.edu/login?url=http://sk.sagepub.com/books/the-therapeutic-encounter |
| 942 |
_2lcc _cEBOOKS |
||
| 999 |
_c481807 _d481807 |
||